| 000 | 00374 a2200169 4500 | ||
|---|---|---|---|
| 001 | 191288 | ||
| 020 | _a85-02-03071-X | ||
| 040 | _cMagnum | ||
| 100 | _aRios, Rosana | ||
| 240 | 1 | 0 |
_aO passado nas mãos de Sandra _lpor |
| 245 | 1 | 0 | _aO passado nas mãos de Sandra |
| 300 | _a110 | ||
| 362 | 0 | _a2000 | |
| 440 | 1 | _aSaraiva | |
| 697 | _aLITERATURA JUVENIL | ||
| 942 | _cBK | ||
| 999 |
_c191288 _d191288 |
||